000
00293nam a22001337a 4500
008
180827b xxu||||| |||| 00| 0 eng d
020
_a
9780893031916
041
_a
eng
080
_a
61
100
_a
3
101
_a
SHM
245
_a
FIRST RESPONDER UPDATE
_c
BERGERON.J.D
942
_2
udc
_c
BK
999
_c
47337
_d
47337